Azealia Banks: Complete Discography - Statistics

General Stats
  • This quiz has been taken 38 times
    24 since last reset
  • The average score is 26 of 124
Answer Stats
Album Song % Correct
1991 212
100%
1991 1991
87%
Fantasea Luxury
80%
1991 Van Vogue
80%
1991 Liquorice
73%
Slay-Z The Big Big Beat
67%
Fantasea Fantasea
60%
Broke with Expensive Taste JFK
60%
Broke with Expensive Taste Yung Rapunxel
60%
Broke with Expensive Taste Gimme A Chance
53%
Broke with Expensive Taste Heavy Metal And Reflective
53%
Broke with Expensive Taste Idle Delilah
53%
Features New Bottega
53%
Broke with Expensive Taste Soda
53%
Broke with Expensive Taste Chasing Time
47%
Fantasea Jumanji
47%
Broke with Expensive Taste Miss Amor
47%
Broke with Expensive Taste Miss Camaraderie
47%
Fantasea Nathan
47%
Broke with Expensive Taste Nude Beach A-Go-Go
47%
Fantasea II: The Second Wave Anna Wintour
40%
Broke with Expensive Taste BBD
40%
Fantasea II: The Second Wave Count Contessa
40%
Icy Colors Change Icy Colors Change
40%
Fantasea L8r
40%
Fantasea Paradiso
40%
Fantasea Atlantis
33%
Fantasea Chips
33%
Singles Competition
33%
Slay-Z Crown
33%
Fantasea Fierce
33%
Broke with Expensive Taste Ice Princess
33%
Fantasea Ima Read
33%
Fantasea Neptune
33%
Fantasea Out Of Space
33%
Fantasea Runnin'
33%
Slay-Z Skylar Diggins
33%
Fantasea II: The Second Wave Treasure Island
33%
Fantasea Us
33%
Broke with Expensive Taste Wallace
33%
Fantasea Aquababe
27%
Business & Pleasure Chi Chi
27%
Fantasea II: The Second Wave Escapades
27%
Fantasea Esta Noche
27%
Fantasea Fuck Up The Fun
27%
Singles Salchichon
27%
Singles Tarantula
27%
Slay-Z Used To Being Alone
27%
Slay-Z Along The Coast
20%
Singles ATM Jam
20%
Fantasea Azealia (Skit)
20%
Slay-Z Big Talk
20%
Broke with Expensive Taste Desperado
20%
Business & Pleasure Dilemma
20%
Singles Fuck Him All Night
20%
Fantasea II: The Second Wave Icy Pisces
20%
Slay-Z Queen Of Clubs
20%
Singles Wings Of A Butterfly
20%
Business & Pleasure 1-800-Nu-Checks
13%
Slay-Z Can't Do It Like Me
13%
Yung Rapunxel Pt. II Jihadi
13%
Fantasea II: The Second Wave Movin' On Up / Coco's Song / Love Beats Rhymes
13%
Business & Pleasure Nirvana
13%
Fantasea No Problems
13%
Slay-Z Riot
13%
Singles Six Flags
13%
Business & Pleasure Black Madonna
7%
Features Blown Away
7%
Fantasea II: The Second Wave Chaos And Glory
7%
Features Control It
7%
Features Dark Red Lipstick
7%
Features Hypnotic
7%
Features II. Earth: The Oldest Computer / The Last Night
7%
Fantasea II: The Second Wave In Excelsis
7%
Singles I Rule The World
7%
Business & Pleasure Kanye West
7%
Fantasea II: The Second Wave Lorelei
7%
Singles Mamma Mia
7%
Fantasea II: The Second Wave Paradiso II
7%
Features Physical Motion
7%
Singles Playhouse
7%
Business & Pleasure Pyrex Princess
7%
Fantasea Salute
7%
Features Surprise Me
7%
Features Wut U Do
7%
Yung Rapunxel Pt. II '96 Corolla / Motorman
0%
Business & Pleasure Ain't Know
0%
Yung Rapunxel Pt. II Back From Hell
0%
Singles Bambi
0%
Singles Barbie Shit
0%
Singles Barely Legal
0%
Singles Billionaire Bully
0%
Fantasea II: The Second Wave Blossom
0%
Yung Rapunxel Pt. II Bone Collector
0%
Singles Canada Goose
0%
Yung Rapunxel Pt. II Centella / My Honeymoon
0%
Singles Chill$
0%
Business & Pleasure Come For Me
0%
Fantasea II: The Second Wave Desert Beat
0%
Yung Rapunxel Pt. II Dexedrine
0%
Singles Diamond Nova
0%
Business & Pleasure Dime
0%
Features Discovery Channel
0%
Yung Rapunxel Pt. II Evil Like Me
0%
Business & Pleasure Family Affair
0%
Business & Pleasure Gon' Learn
0%
Singles Grand Scam
0%
Singles Hood Bitch
0%
Business & Pleasure Icy Drip
0%
Features In Town
0%
Business & Pleasure Matryoshka
0%
Singles Murda She Wrote
0%
Singles NEEDSIUMLUV / SXLND
0%
Yung Rapunxel Pt. II New Victim
0%
Fantasea II: The Second Wave N****s Gon' Learn
0%
Singles P-U-S-S-Y
0%
Yung Rapunxel Pt. II Queen Of The Damned
0%
Yung Rapunxel Pt. II Rapunxel's Inferno
0%
Yung Rapunxel Pt. II Saint Keith
0%
Singles Seventeen
0%
Business & Pleasure Silva
0%
Singles Succumbi
0%
Fantasea II: The Second Wave Taste's State
0%
Fantasea II: The Second Wave Venus
0%
No matching quizzes found
Score Distribution
Percent of People with Each Score
Percentile by Number Answered
Your Score History
You have not taken this quiz since the last reset